| 000 | 02031nam a22003137a 4500 | ||
|---|---|---|---|
| 005 | 2012022905125.0 | ||
| 010 | _aENG-104831 B-457583-587 | ||
| 020 |
_a9788189738938 _c2495.00 |
||
| 035 | _aEN-88364 B-457583-587 | ||
| 037 | _bDBAD/PUB | ||
| 037 | _bK.K.Pub/Ven | ||
| 082 | _a700.954 | ||
| 100 |
_aBanerjee, Utpal K. _d1935- _q(Utpal Kumar) _951642 |
||
| 245 |
_aLuminous harmony : _cby Utpal K. Banerjee ; edited by Navkala Roy [and] Ritu Khanna ; foreworded by Karan Singh _bIndian art and culture / |
||
| 260 |
_aNew Delhi _bNiyogi Books _c2011 |
||
| 270 |
_aD-78, Okhla Industrial Area, Phase-I _bNew Delhi _e110020 |
||
| 300 |
_a232p. : _c29cm(Hb) _bill. (chiefly col.) |
||
| 500 | _aIncludes index | ||
| 700 |
_aRoy, Navkala _943197 |
||
| 700 |
_aKhanna,Ritu _943198 |
||
| 942 |
_2ddc _cEN _h700.954 _mBAN |
||
| 999 |
_c63587 _d63587 |
||